MARC details
| 000 -CABECERA |
| campo de control de longitud fija |
01614nam a2200301 a 4500 |
| 001 - NÚMERO DE CONTROL |
| campo de control |
000040464 |
| 005 - FECHA Y HORA DE LA ÚLTIMA TRANSACCIÓN |
| campo de control |
20250621074009.0 |
| 008 - DATOS DE LONGITUD FIJA--INFORMACIÓN GENERAL |
| campo de control de longitud fija |
130826s2013 dr r 001 0 spa d |
| 020 ## - NÚMERO INTERNACIONAL ESTÁNDAR DEL LIBRO |
| ISBN cancelado o inválido |
9789945007145 |
| 040 ## - FUENTE DE LA CATALOGACIÓN |
| Centro catalogador/agencia de origen |
DO-SdBNP |
| Lengua de catalogación |
spa |
| Centro/agencia transcriptor |
BNPHU |
| 082 ## - NÚMERO DE LA CLASIFICACIÓN DECIMAL DEWEY |
| Número de clasificación |
352.367 |
| Número de documento/Ítem |
C352r |
| 100 1# - ENTRADA PRINCIPAL--NOMBRE DE PERSONA |
| Nombre de persona |
Castillo Levison, Amanda |
| 9 (RLIN) |
66763 |
| 245 10 - MENCIÓN DE TÍTULO |
| Título |
Reforma del estado dominicano : |
| Resto del título |
(1996-2012) / |
| Mención de responsabilidad, etc. |
Amada Castillo Levison ; prólogo Juan Bolivar Díaz. |
| 260 ## - PUBLICACIÓN, DISTRIBUCIÓN, ETC. |
| Lugar de publicación, distribución, etc. |
Santo Domingo : |
| Nombre del editor, distribuidor, etc. |
Búho, |
| Fecha de publicación, distribución, etc. |
2013. |
| 300 ## - DESCRIPCIÓN FÍSICA |
| Extensión |
211 p. ; |
| Dimensiones |
23 cm. |
| 500 ## - NOTA GENERAL |
| Nota general |
Incluye datos biográficos del autor en la solapa de la cubierta. |
| 504 ## - NOTA DE BIBLIOGRAFÍA, ETC. |
| Nota de bibliografía, etc. |
Incluye referencias bibliográficas y notas al pie de páginas. |
| 504 ## - NOTA DE BIBLIOGRAFÍA, ETC. |
| Nota de bibliografía, etc. |
Bibliografía : p. 189-193. |
| 505 0# - NOTA DE CONTENIDO CON FORMATO |
| Información miscelánea |
Prólogo / |
| Mención de responsabilidad |
Juan Bolivar Díaz -- |
| Título |
Reflexiones en torno a la reforma y modernización del estado -- |
| -- |
Contexto de las reformas -- |
| -- |
Gestión 1996-2000 -- |
| -- |
Gestión 2000-2004 -- |
| -- |
Gestión 2004-2008 -- |
| -- |
Gestión 2008-2012 -- |
| -- |
Gestión del organismo -- |
| -- |
Epílogo de las reformas -- |
| Información miscelánea |
Referencias bibliográficas -- |
| -- |
Entrevistas -- |
| -- |
Anexos. |
| 590 ## - NOTA LOCAL (RLIN) |
| Nota local |
Inventariado, 2018/BT |
| 610 14 - PUNTO DE ACCESO ADICIONAL DE MATERIA--NOMBRE DE ENTIDAD CORPORATIVA |
| Nombre de entidad corporativa o nombre de jurisdicción como elemento de entrada |
REPÚBLICA DOMINICANA |
| Unidad subordinada |
COMISIÓN PRESIDENCIAL PARA LA REFORMA Y MODERNIZACIÓN DEL ESTADO (COPRYME) |
| 9 (RLIN) |
66764 |
| 610 10 - PUNTO DE ACCESO ADICIONAL DE MATERIA--NOMBRE DE ENTIDAD CORPORATIVA |
| Nombre de entidad corporativa o nombre de jurisdicción como elemento de entrada |
República Dominicana. Consejo Nacional de Reforma del Estado |
| 9 (RLIN) |
64396 |
| 650 #4 - PUNTO DE ACCESO ADICIONAL DE MATERIA--TÉRMINO DE MATERIA |
| Término de materia o nombre geográfico como elemento de entrada |
Reforma del estado |
| Subdivisión geográfica |
República Dominicana |
| 9 (RLIN) |
9500 |
| 651 #4 - PUNTO DE ACCESO ADICIONAL DE MATERIA--NOMBRE GEOGRÁFICO |
| Nombre geográfico |
República Dominicana |
| Subdivisión general |
Administración Pública |
| 9 (RLIN) |
657 |
| 651 #0 - PUNTO DE ACCESO ADICIONAL DE MATERIA--NOMBRE GEOGRÁFICO |
| Nombre geográfico |
República Dominicana |
| Subdivisión general |
Política y gobierno |
| 9 (RLIN) |
45 |
| 700 1# - PUNTO DE ACCESO ADICIONAL--NOMBRE DE PERSONA |
| Nombre de persona |
Díaz Santana, Juan Bolívar , |
| Término indicativo de función/relación |
pról. |
| 9 (RLIN) |
46240 |
| 910 ## - DATOS DE OPCIÓN DEL USUARIO (OCLC) |
| Datos de opción del usuario |
Validado. Control de calidad. EMS |